000 00776nam a2200205Ii 4500
003 JO-AjNU
008 230605s9999||||xx |||||||||||||| ||und||
040 _aJO-AjNU
_bara
_erda
_cJO-AjNU
041 _aara
050 1 4 _aPJ6106 2001
100 3 _aتاليف سلطاني،محمد علي ,
_eauthor
_913346
245 0 0 _aالتطبيق اللغوي الصرفي والنحوي والبلاغي ومعاني الادوات للسنوات الخمس
250 _aط1
264 3 1 _aدمشق: دار العصماء،2001
300 _a141ص
336 _atext
_btxt
_2rdacontent
337 _aunmediated
_bn
_2rdamedia
338 _avolume
_bnc
_2rdacarrier
650 4 _aاللغة العربية-التطبيق اللغوي الصرفي والنحوي والبلاغي
_913347
999 _aA3300
_c6868
_d6868